MARC

LEADER 00000nam0a2200000 4500
001 52446
005 20231031041623.0
035 |a (RuTPU)RU\TPU\book\54954 
090 |a 52446 
100 |a 20030530d1973 km y0rusy50 ca 
101 0 |a rus 
102 |a RU 
105 |a a z 001zy 
200 1 |a Конструирование силовых полупроводниковых преобразовательных агрегатов  |f С. Р. Резинский, В. С. Лабковский, И. Х Евзеров и др. 
210 |a Москва  |c Энергия  |d 1973 
215 |a 288 с.  |c ил. 
320 |a Библиогр.: с. 283-286 
610 1 |a силовые полупроводниковые преобразователи 
610 1 |a агрегаты 
610 1 |a конструирование 
610 1 |a узлы 
610 1 |a расчеты 
610 1 |a системы охлаждения 
675 |a 621.314  |v 3 
701 1 |a Резинский  |b С. Р.  |g Семен Рувимович 
701 1 |a Лабковский  |b В. С.  |g Виктор Соломонович 
701 1 |a Евзеров  |b И. Х  |g Игорь Хононович 
701 1 |a Фейгельман  |b И. И.  |g Исай Иосифович 
701 1 |a Венделанд  |b В. М.  |g Вениамин Михайлович 
801 1 |a RU  |b 63413507  |c 20030530  |g PSBO 
801 2 |a RU  |b 63413507  |c 20111130  |g PSBO 
942 |c BK